Дополнительные главы математики. Статистический анализ: учебное пособие

Xehetasun bibliografikoak
Erakunde egilea: Национальный исследовательский Томский политехнический университет (ТПУ) Институт природных ресурсов (ИПР) Кафедра химической технологии топлива и химической кибернетики (ХТТ)
Beste egile batzuk: Кривцова Н. И. Надежда Игоревна (составитель), Мойзес О. Е. Ольга Ефимовна
Gaia:Заглавие с титульного экрана
Электронная версия печатной публикации
В пособии изложены основы статистического анализа, включающие многомерную статистическую обработку данных, корреляционные и регрессионный анализы, методы многомерной классификации. Приведены основные методы оптимизации данных. Рассмотрен статистический программный продукт для управления большим количеством экспериментальных данных. Предназначено для студентов, обучающихся по специальности 18.04.02 "Энерго- и ресурсосберегающие процессы в химической технологии, нефтехимии и биотехнологии".
Режим доступа: из корпоративной сети ТПУ
Hizkuntza:errusiera
Argitaratua: Томск, Изд-во ТПУ, 2015
Gaiak:
Sarrera elektronikoa:http://www.lib.tpu.ru/fulltext2/m/2016/m006.pdf
Formatua: Baliabide elektronikoa Liburua
KOHA link:https://koha.lib.tpu.ru/cgi-bin/koha/opac-detail.pl?biblionumber=316676

MARC

LEADER 00000nlm0a2200000 4500
001 316676
005 20240209102210.0
035 |a (RuTPU)RU\TPU\book\342127 
090 |a 316676 
100 |a 20160325d2015 m y0rusy50 ca 
101 0 |a rus 
102 |a RU 
105 |a a j 001zy 
135 |a drcn ---uucaa 
181 0 |a i  
182 0 |a b 
200 1 |a Дополнительные главы математики. Статистический анализ  |e учебное пособие  |f Национальный исследовательский Томский политехнический университет (ТПУ) ; сост. Н. И. Кривцова, О. Е. Мойзес 
203 |a Текст  |c электронный 
210 |a Томск  |c Изд-во ТПУ  |d 2015 
300 |a Заглавие с титульного экрана 
300 |a Электронная версия печатной публикации 
330 |a В пособии изложены основы статистического анализа, включающие многомерную статистическую обработку данных, корреляционные и регрессионный анализы, методы многомерной классификации. Приведены основные методы оптимизации данных. Рассмотрен статистический программный продукт для управления большим количеством экспериментальных данных. Предназначено для студентов, обучающихся по специальности 18.04.02 "Энерго- и ресурсосберегающие процессы в химической технологии, нефтехимии и биотехнологии". 
333 |a Режим доступа: из корпоративной сети ТПУ 
337 |a Adobe Reader 
606 1 |a Статистический анализ  |2 stltpush  |3 (RuTPU)RU\TPU\subj\42258  |9 61945 
610 1 |a электронный ресурс 
610 1 |a учебные пособия 
610 1 |a труды учёных ТПУ 
610 1 |a математическая статистика 
610 1 |a случайные величины 
610 1 |a математическое ожидание 
610 1 |a дисперсия 
610 1 |a многомерный статистический анализ 
610 1 |a корреляционный анализ 
610 1 |a кластерный анализ 
610 1 |a статистические методы 
610 1 |a методы оптимизации 
610 1 |a метод Бокса-Уилсона 
610 1 |a интерактивные системы 
610 1 |a программное обеспечение 
675 |a 519.23(075.8)  |v 3 
702 1 |a Кривцова  |b Н. И.  |c химик-технолог  |c доцент Томского политехнического университета, кандидат технических наук  |f 1983-  |g Надежда Игоревна  |3 (RuTPU)RU\TPU\pers\30193  |4 220  |9 14587 
702 1 |a Мойзес  |b О. Е.  |c химик-технолог, специалист в области информатики и вычислительной техники  |c доцент Томского политехнического университета, кандидат технических наук  |f 1950-  |g Ольга Ефимовна  |3 (RuTPU)RU\TPU\pers\25862  |4 220  |9 11730 
712 0 2 |a Национальный исследовательский Томский политехнический университет (ТПУ)  |b Институт природных ресурсов (ИПР)  |b Кафедра химической технологии топлива и химической кибернетики (ХТТ)  |3 (RuTPU)RU\TPU\col\18665 
801 2 |a RU  |b 63413507  |c 20160505  |g RCR 
856 4 |u http://www.lib.tpu.ru/fulltext2/m/2016/m006.pdf 
942 |c CF